Statistiken für Errate den Songtext ohne das Lied zu kennen #1

Klicken Sie hier um das Quiz zu spielen!

Allgemein

  • Dieses Quiz wurde 1.058 mal gespielt
  • Das Durchschnittsergebnis liegt bei 163 aus 341

Antwortstatistiken

Answers% Korrekt
I
99%
a
91%
(you
89%
you,
89%
you
89%
love
77%
the
71%
me
70%
We
66%
we
66%
be
65%
and
60%
And
60%
to
59%
can
58%
Can
58%
can),
58%
my
54%
will)
51%
it
50%
No
50%
no
50%
in
47%
then
47%
for
44%
don't
42%
that
34%
were
34%
better,
33%
better
33%
than
33%
(than
33%
myself
32%
Say
31%
but
29%
flowers
29%
buy
27%
Talk
27%
baby
25%
can't
24%
hold
24%
name
24%
never
24%
Oh,
24%
(oh)
24%
take
24%
hand
23%
hours,
23%
hours
23%
sand
23%
(yeah)
23%
yeah
23%
Yeah,
23%
good,
22%
Write
22%
dancing,
21%
dancing
21%
understand
21%
own
20%
things
20%
wanna
18%
cry,
17%
leave
17%
right
17%
lie
16%
didn't
14%
every
14%
dream
13%
'til
13%
burn
12%
home
12%
remembered
12%
Started
12%
fight
11%
said
11%
gold
10%
watched
10%
weren't
10%
Built
9%
left
9%
red
9%
sold
9%
Kinda
8%
word
8%
cherry
7%
nails
7%
Paint
7%
regret
7%
roses
7%
(mm)
6%
Mm,
6%
forgive
5%
Match
5%
remorse,
5%
Ooh,
4%

Verteilung der Resultate

Perzentil nach korrekt beantworteten Fragen

Anzahl Personen mit jedem Resultat

Ihre Resultats-Entwicklung

Sie haben dieses Quiz noch nicht gespielt